| 000 | 01377cam a2200265 a 4500 | ||
|---|---|---|---|
| 001 | 000216425 | ||
| 003 | AM-YeHGA | ||
| 005 | 20250617124246.0 | ||
| 008 | 030407s1995 ru |||||r|||||||||0|rus|d | ||
| 020 | _a5852556661 | ||
| 020 | _a5-85255-718-8 (Т. 7-8) | ||
| 020 | _a5-300-00136-8 (Т. 13-14) | ||
| 020 | _a5-85255-721-8 (Т. 17-18) | ||
| 040 | _aAM-YeHGA | ||
| 041 | 0 | _arus | |
| 245 | 0 | 0 | _aДетская энциклопедия. |
| 260 |
_aМосква : _bТерра, _c1995. |
||
| 300 | _aтом | ||
| 440 | 0 | _a"Открытие мира юношеством" | |
| 505 | 1 | 0 |
_gТ. 7-8 (1995, с. 577-768, IX-XII : цв. ил.) : _tВ тени крепостных стен / _rТ. Дютур и др.; Худ.: К. Брутен и др.; Пер. О. Пичугин; _gТ. 13-14 (1995, с. 153-1344, IX-XIII : цв. ил.) : _tЗарождение капитализма / _rГ. Кадье и др.; Худ. Н. Барон и др.; Пер. и общ. ред. О. Козловой; _gТ. 17-18 (1995, с. 1537-1728, IX-XII : цв. ил.) : _tМир между войнами . Современный мир / _rК. Гусефф и др.; Худ: К. Деламарр и др.; Пер.: А. Волков, М. Волкова |
| 650 | 1 | 4 | _aИстория цивилизаций |
| 650 | 1 | 4 | _aДетская литература |
| 942 |
_2udc _cBK |
||
| 090 | _c77087 | ||
| 999 |
_c75854 _d75854 |
||